000 00811nmc a2200289 a 4500
003 AR-BaBNM
005 20251128203034.0
008 166119s1978 ||||||||||||||000 | spa||
040 _cAR-BaBNM
100 1 _aOjer, Luis
245 1 0 _aOrientación profesional
250 _a1ª ed.
260 _aBuenos Aires
_bKapelusz
_c1978
300 0 _a215 p.
490 0 _aBiblioteca de Psicología Contemporánea
500 0 _aContiene referencias bibliográficas al final de cada capítulo
650 4 _aORIENTACION PROFESIONAL
650 4 _aPERSONAL DE ORIENTACION
650 4 _aPSICOLOGOS
650 4 _aTRABAJADORES SOCIALES
650 4 _aSERVICIOS DE ORIENTACION
650 4 _aENTREVISTAS
650 4 _aPRUEBAS DE DIAGNOSTICO
653 0 _aORIENTACION VOCACIONAL
942 _cBK
998 _csilvi
999 _c1620
_d1620